Loading...
| Current Events | 1 | 20.00 | 100% | 100% | 0% |
| Fine Arts - Classical Music | 2 | 5.00 | 50% | 0% | 0% |
| Fine Arts - Other | 3 | 6.67 | 67% | 0% | 0% |
| Fine Arts - Painting and Sculpture | 6 | 5.00 | 50% | 0% | 0% |
| History - American | 5 | 12.00 | 100% | 20% | 0% |
| History - European | 4 | 12.50 | 100% | 0% | 25% |
| History - Other | 3 | 6.67 | 67% | 0% | 0% |
| History - World | 3 | 10.00 | 100% | 0% | 0% |
| Literature - American | 8 | 11.25 | 100% | 13% | 0% |
| Literature - British | 2 | 5.00 | 50% | 0% | 0% |
| Literature - European | 3 | 10.00 | 100% | 0% | 0% |
| Literature - World | 5 | 14.00 | 80% | 40% | 20% |
| Mythology | 4 | 7.50 | 50% | 25% | 0% |
| Philosophy | 3 | 3.33 | 33% | 0% | 0% |
| Pop Culture | 3 | 20.00 | 100% | 33% | 67% |
| Religion | 3 | 16.67 | 100% | 67% | 0% |
| Science - Biology | 3 | 10.00 | 67% | 33% | 0% |
| Science - Chemistry | 4 | 10.00 | 100% | 0% | 0% |
| Science - Other | 3 | 6.67 | 67% | 0% | 0% |
| Science - Physics | 4 | 12.50 | 100% | 25% | 0% |
| Social Science | 3 | 6.67 | 67% | 0% | 0% |